Taylor Swift mystery lyrics #107 - Statistics

General Stats
  • This quiz has been taken 57 times
  • The average score is 159 of 227
Answer Stats
Answer % Correct
a
100%
I
100%
you
100%
The
95%
the
95%
He
93%
me
93%
an
90%
and
90%
we
90%
your
90%
E
88%
no
88%
be
86%
for
86%
in
86%
to
86%
when
86%
where
86%
But
83%
but
83%
is
83%
my
83%
on
83%
said
83%
if
81%
it's
81%
they
81%
What
81%
I'm
79%
just
79%
so
79%
So
79%
That
79%
that
79%
was
79%
who
79%
are
76%
like
76%
we're
76%
come
74%
This
74%
this
74%
with
74%
time
71%
baby
69%
down
69%
ever
69%
from
69%
had
69%
one
69%
told
69%
there
67%
alchemy
64%
been
64%
every
64%
fight
64%
heart
64%
their
64%
call
62%
comes
62%
off
62%
over
62%
reserved
62%
still
62%
touch
62%
up
62%
amateurs
60%
back
60%
'Cause
60%
'cause
60%
cut
60%
happens
60%
running
60%
says
60%
sign
60%
team
60%
These
60%
'em
57%
few
57%
hit
57%
lifetimes
57%
once
57%
trophy
57%
chemicals
55%
get
55%
Honestly
55%
long
55%
streak
55%
winning
55%
belong
52%
coming
52%
heroin
52%
Where's
52%
around
50%
beat
50%
drag
50%
haven't
50%
hospital
50%
strong
50%
white
50%
wine
50%
chance
48%
friends
48%
league
48%
school
48%
Worst
48%
circled
45%
greatest
45%
jokes
45%
sleep
45%
crown
43%
floor
43%
heads
43%
Hey
43%
map
43%
play
43%
under
43%
Beer
40%
benches
40%
blokes
40%
child's
40%
cool
40%
Ditch
40%
rule
40%
warm
40%
forgiven
38%
Shirts
38%
sticking
38%
clowns
36%
lift
36%
comeback
33%
making
33%
cheers
31%
chanted
29%
tryna
29%
No matching quizzes found
Score Distribution
Percent of People with Each Score
Percentile by Number Answered
Your Score History
You have not taken this quiz